Statistics for Complete the Card - WWE No Way Out 2001

Click here to take the quiz!

General Stats

  • This quiz has been taken 169 times
  • The average score is 17 of 20

Answer Stats

Answer% Correct
Triple H
98%
The Rock
97%
Edge
96%
Stone Cold Steve Austin
96%
Bubba Ray Dudley
95%
D-Von Dudley
95%
Kane
95%
Christian
94%
Kurt Angle
94%
Chris Jericho
93%
The Undertaker
91%
Chris Benoit
87%
The Big Show
85%
Trish Stratus
83%
Raven
80%
Eddie Guerrero
78%
Stephanie McMahon-Helmsley
73%
X-Pac
66%
Steven Richards
59%
Jerry Lawler
58%

Score Distribution

Percentile by Number Answered

Percent of People with Each Score

Your Score History

You have not taken this quiz